000 00456nam a2200145Ia 4500
008 090122s9999 xx 000 0 und d
082 _b8908
_a521.1
100 _aतुपे
_bप्रकाश
245 _aछंद आकाश दर्शनाचा
600 _aतुपे
630 _aछंद आकाश दर्शनाचा
700 _aतुपे
730 _aछंद आकाश दर्शनाचा
942 _cBOOK
999 _c32985
_d32985